Papelucho: mi hermana Ji
Guardado en:
| Autor principal: | |
|---|---|
| Formato: | Libro |
| Lenguaje: | español |
| Publicado: |
Santiago
Universitaria
1996
|
| Edición: | 38a. ed |
| Materias: | |
| Etiquetas: |
Agregar Etiqueta
Sin Etiquetas, Sea el primero en etiquetar este registro!
|
MARC
| LEADER | 00000nam a2200000 a 4500 | ||
|---|---|---|---|
| 001 | UCH7241 | ||
| 003 | CL-VaPUC | ||
| 008 | 091109e19960000CL |||||||||||||||||spa|d | ||
| 020 | |a 9561111713 | ||
| 082 | 0 | 4 | |a Ch863 |b PAZ |2 21 |
| 100 | |a Paz, Marcela |e autora |9 881017 | ||
| 245 | 1 | 0 | |a Papelucho: mi hermana Ji |
| 250 | |a 38a. ed | ||
| 300 | |a 71 p | ||
| 942 | |c BK | ||
| 945 | |d 20091109 00:00:00 |a lazolas | ||
| 260 | |a Santiago |b Universitaria |c 1996 | ||
| 650 | 0 | |a Novelas chilenas |9 265425 | |
| 583 | |a last modification |c 20091109 00:00:00 |k Rodrigo Vera | ||
| 999 | |c 337907 |d 337905 | ||